Aid and technical cooperation as a foreign policy tool for emerging donors : (Record no. 19331)

000 -LEADER
fixed length control field 02005cam a2200193 i 4500
020 ## - INTERNATIONAL STANDARD BOOK NUMBER
ISBN 9781351111775 (epub)
020 ## - INTERNATIONAL STANDARD BOOK NUMBER
ISBN 9781351111799 (eBook)
020 ## - INTERNATIONAL STANDARD BOOK NUMBER
ISBN 9781351111782 (pdf)
040 ## - CATALOGING SOURCE
Transcribing agency DLC
082 00 - DEWEY DECIMAL CLASSIFICATION NUMBER
Classification number 338 UND 2007 C165 Or.
100 1# - MAIN ENTRY--AUTHOR NAME
Personal name Farias, Déborah Barros Leal,
245 10 - TITLE STATEMENT
Title Aid and technical cooperation as a foreign policy tool for emerging donors :
Remainder of title the case of Brazil /
300 ## - PHYSICAL DESCRIPTION
Number of Pages 1 online resource.
490 0# - SERIES STATEMENT
Series statement Routledge explorations in development studies
520 ## - SUMMARY, ETC.
Summary, etc "The question of why countries give aid and assistance to other countries has long been a topic of debate- is it altruism, or selfishness? The assumption is sometimes made that donors from developing countries might be more motivated by altruism than 'traditional' western donors. This book demonstrates that on the contrary, the provision of development assistance can be used to serve national interests, allowing so-called 'emerging' donors to gain soft power in the international sphere by improving their image and global influence. Technical cooperation, or the transfer of knowledge, is an area of particular interest, as it can enable donors to position themselves as a global leader in a given field, with a unique set of skills and expertise in a knowledge area. This book uses the Brazilian case to demonstrate how a country such as Brazil can seek power and influence by providing no-strings-attached technical assistance. The empirical analysis unpicks the motivations behind development assistance, and how it can be used as a foreign policy tool. In doing so, the book sheds light upon the similarities and variations in the provision of technical cooperation as a foreign policy tool by China, India and Brazil. This book will be of interest to researchers of International Development, South-South Cooperation, International Relations, and those working on Brazil specifically"--
650 #0 - SUBJECT ADDED ENTRY--TOPICAL TERM
Topical Term Technical assistance, Brazilian.
650 #0 - SUBJECT ADDED ENTRY--TOPICAL TERM
Topical Term Political development.
942 ## - ADDED ENTRY ELEMENTS (KOHA)
Koha item type ADB
952 ## - LOCATION AND ITEM INFORMATION (KOHA)
Withdrawn status [LOCAL, KOHA] 0
952 ## - LOCATION AND ITEM INFORMATION (KOHA)
Withdrawn status [LOCAL, KOHA] 0
Holdings
Source of acquisition Permanent Location Date acquired Koha item type Lost status Shelving location Current Location Full call number
A34573Library Block C2020-09-23សៀវភៅភាសាអង់គ្លេស C165Library Block C338 UND 2007 C165 Or.
A38109Library Block C2020-09-25សៀវភៅភាសាអង់គ្លេស C165Library Block C338 UND 2007 C165 Or.
មជ្ឈមណ្ឌលឯការនៃសាកលវិទ្យាល័យភូមិន្ទកសិកម្មចំការដូង

Powered by Koha